Türk hukuku / (Record no. 13163)

MARC details
000 -BAŞLIK
Sabit Uzunlukta Kontrol Alanı 00600nam a22002057a 4500
999 ## - SİSTEM KONTROL NUMARALARI (KOHA)
Koha Biblionumber 13163
Koha Biblioitemnumber 13163
003 - KONTROL NUMARASI IDENTIFIER
Denetim Alanı MIRAKIL
005 - SON İŞLEM TARİHİ VE ZAMANI
Denetim Alanı 20190417103228.0
008 - SABİT-BOY VERİ ELEMANLARI - GENEL BİLGİLER
Sabit Uzunlukta Kontrol Alanı 190417b tu ||||| |||| 00| 0 tur d
020 ## - ULUSLARARASI STANDART KİTAP NUMARASI
Uluslararası Standart Kitap Numarası 9786055202026
040 ## - KATALOGLAMA KAYNAK
Orijinal Kataloglama Ajansı TR-AnCHP
Metne Dönüştürmek Ajansı TR-AnCHP
041 ## - DİL KODU
Metin / Ses Parça Veya Ayrı Başlığın Dil Kodu tur
082 ## - DEWEY ONLU SINIFLANDIRMA NUMARASI
Sınıflandırma Numarası 340.9561
Ürün Numarası T96 2014
245 10 - BAŞLIK TABLOSU
Başlık Türk hukuku /
Sorumluluk Tablosu, Vb yayına hazırlayan: Erkan Karaarslan
260 ## - YAYIN, DAĞITIM, VB
Yayın, Dağıtım, Vb Yeri Antalya :
Yayıncı, Dağıtıcı, Vs Adı BEKAD Yayınları,
Yayın, Dağıtım, Vb Tarihi 2014.
300 ## - FİZİKSEL TANIM
Kapsam xxx, 734 s. ;
Boyutlar 24 sm.
490 0# - SERİSİ TABLOSU
Seri Beyanı BEKAD Yayınları ;
Hacim / Ardışık Tanımı yayın no: 9
650 #0 - KONU KATMA GİRİŞ - TOPİKAL DÖNEM
9 (RLIN) 485
Topikal Süreli Veya Coğrafi Ad Giriş Elemanı Hukuk
Genel Alt Bölümü Türkiye
700 ## - KATMA GİRİŞ - KİŞİSEL İSİM
9 (RLIN) 5623
Kişisel Ad Karaaslan, Erkan
Relator Terim yay. haz.
942 ## - EKLENDİ GİRİŞ ELEMANLARI (KOHA)
Sınıflandırma Veya Raf Düzeni Kaynak Dewey Decimal Classification
Koha Öğesi Türü Books
Holdings
Kalıcı Konum Mevcut Konum Edinme Tarihi Toplam Check-Out'Lar Tam Çağrı Numarası Barkod Tarih Son Görülme İtibaren Geçerli Fiyatlar Koha Öğesi Türü
CHP Kütüphanesi CHP Kütüphanesi 04/17/2019   340.9561 T96 2014 019152 04/17/2019 04/17/2019 Books